| 000 | 01018nam a22003017a 4500 | ||
|---|---|---|---|
| 001 | 0011792 | ||
| 003 | DO-SdBPM | ||
| 005 | 20251020141645.0 | ||
| 007 | ta | ||
| 008 | 180209b2000 mx | 00| 0 spa d | ||
| 020 | _a1581700377 | ||
| 040 |
_aDO-SdBPM _bspa _cBPMSU _erda |
||
| 082 | 4 |
_a248.4 _bL343q 2000 _222 |
|
| 100 | 1 |
_aLashbrook, Marilyn _d1950- _eautora |
|
| 245 |
_a¿ Quien necesita un barco? : _b la historia de Moisés / _cMarilyn Lashbrook ; ilustraciones Stephanie Britt, |
||
| 260 |
_aMéxico : _bArco Iris Internacional, _c2000. |
||
| 300 |
_aVarias paginaciones : _bilustraciones ; _c23 cm. |
||
| 336 |
_atexto _btxt _2rdacontent |
||
| 337 |
_asin mediación _bn _2rdamedia |
||
| 338 |
_avolumen _bnc _2rdacarrier |
||
| 490 | 0 | _aLibros yo tambien | |
| 590 | _aInventariado, 2025/VM | ||
| 650 | 7 | _aHistorias bíblicas para niños | |
| 650 | _aLiteratura infantil para niños | ||
| 700 | 1 |
_aMcfetridge Britt, Stephanie _eilustración |
|
| 910 | _aVMateo V. Control de calidad. BPMSU | ||
| 942 |
_2ddc _cBK |
||
| 999 |
_c15471 _d15471 |
||